书目信息 |
| 题名: |
电动机绕组修理
|
|
| 作者: | 潘品英 编著 | |
| 分册: | ||
| 出版信息: | 上海 上海科学技术出版社 1984 |
|
| 页数: | 351,177页 | |
| 开本: | 19cm | |
| 丛书名: | ||
| 单 册: | ||
| 中图分类: | TM343.7 | |
| 科图分类: | ||
| 主题词: | 电动机-绕组--维修 , 绕组-电动机--维修 , 交流电机 | |
| 电子资源: | ||
| ISBN: | ||
| 000 | 00667nam0 2200253 45 | |
| 001 | 0184016741 | |
| 005 | 20061121155503.65 | |
| 010 | @dCNY2.45 | |
| 091 | @a15119.2218 | |
| 100 | @a19950619d1984 em y0chiy0121 ea | |
| 101 | 0 | @achi |
| 102 | @aCN@b310000 | |
| 105 | @ay z 000yy | |
| 200 | 10 | @a电动机绕组修理@Adian dong ji rao zu xiu li@f潘品英编著 |
| 210 | @a上海@c上海科学技术出版社@d1984 | |
| 215 | @a351,177页@d19cm | |
| 606 | @a电动机-绕组@x维修 | |
| 606 | @a绕组-电动机@x维修 | |
| 606 | 0 | @a交流电机 |
| 690 | @aTM343.7@v3 | |
| 701 | 0 | @a潘品英@Apan pin ying@4编著 |
| 801 | 2 | @aCN@bNLC@c20061121 |
| 801 | 0 | @aCN@bTSSF |
| 905 | @a10447@dTM343.7@e14 | |
| 电动机绕组修理/潘品英编著.-上海:上海科学技术出版社,1984 |
| 351,177页;19cm |
| ISBN :CNY2.45 |
| ● |
| 相关链接 |
|
|
|
|
正题名:电动机绕组修理
索取号:TM343.7/14
 
预约/预借
| 序号 | 登录号 | 条形码 | 馆藏地/架位号 | 状态 | 备注 |
| 1 | 0118677 | 001949636 | 第二样本阅览室/ [索取号:TM343.7/14] | 在馆 |